000 00376 a2200169 4500
001 192705
020 _a978-85-7412-265-6
040 _cMagnum
100 _aOliveira Filho, Milton Célio de
240 1 0 _a...e a lua sumiu
_lpor
245 1 0 _a...e a lua sumiu
300 _a31
362 0 _a2009
440 1 _aBrinque-Book
697 _aLITERATURA INFANTO
942 _cBK
999 _c192705
_d192705